| 000 | 01195nam a2200289 i 4500 | ||
|---|---|---|---|
| 001 | 161402 | ||
| 003 | ES-MaACL | ||
| 005 | 20250303062549.0 | ||
| 008 | 990902q1891 sp |||| | spa d | ||
| 080 | _a82-141.09 | ||
| 100 | 1 |
_aPardo Bazán, Emilia, _cCondesa de, _d1851-1921 _9176434 |
|
| 245 | 1 | 4 |
_aLos poetas épicos cristianos / _cEmilia Pardo Bazán. |
| 260 |
_aMadrid : _b[s.n.], _c[1891?] ( _fAgustín Avrial, Imp. de la Comp. de Imp. y Libreros) |
||
| 300 |
_a330 p. ; _c19 cm. |
||
| 490 | 1 |
_aObras completas de Emilia Pardo Bazán ; _v12 |
|
| 505 | 8 | _aContiene: Dante ; Tasso ; Milton | |
| 530 | _aDisponible en formato digital. | ||
| 600 | 0 | 4 |
_aDante Alighieri, _d1265-1321- _xCrítica e interpretación _942658 |
| 600 | 1 | 4 |
_aTasso, Torquato ( _d1544-1595) _9109373 |
| 600 | 1 | 4 |
_aMilton, John ( _d1608-1674) _981300 |
| 650 | 4 |
_aPoesía cristiana- _xHistoria y crítica. _9170537 |
|
| 830 | 1 |
_aObras completas de Emilia Pardo Bazán ; _v12 _9176456 |
|
| 852 |
_aES-MaACL _jB-4091 _z- Enc. hol., conservando cub. original |
||
| 856 |
_uhttp://biblioteca.galiciana.gal/es/consulta/registro.do?id=7918 _zBiblioteca Dixital de Galicia |
||
| 942 | _2udc | ||
| 999 |
_c161402 _d161402 |
||